K novému zákonu o ochraně zemědělského půdního fondu.
Porovnanie nového zákona ČR o ochrane poľnohospodárskeho pôdneho fondu so zrušeným zákonom č. 53/1966 Zb. v znení zákona č. 75/1976 Zb. o ochrane poľnohospodárskeho pôdneho fondu a tromi ďalšími predpismi. Doplnené kritickou poznámkou J. Radu.
Gespeichert in:
| 1. Verfasser: | |
|---|---|
| Format: | Buchkapitel |
| Sprache: | Tschechisch |
| Schlagworte: | |
| Tags: |
Keine Tags, Fügen Sie das erste Tag hinzu!
|
MARC
| LEADER | 00000naa a2200000 4500 | ||
|---|---|---|---|
| 001 | r011929 | ||
| 005 | 20220913122236.8 | ||
| 041 | 0 | |a cze | |
| 044 | |a CZ | ||
| 245 | 1 | 0 | |a K novému zákonu o ochraně zemědělského půdního fondu. |c J. Zeman |
| 520 | |a Porovnanie nového zákona ČR o ochrane poľnohospodárskeho pôdneho fondu so zrušeným zákonom č. 53/1966 Zb. v znení zákona č. 75/1976 Zb. o ochrane poľnohospodárskeho pôdneho fondu a tromi ďalšími predpismi. Doplnené kritickou poznámkou J. Radu. | ||
| 610 | 2 | 0 | |a ochrana pôdy |
| 610 | 2 | 0 | |a fond pôdny |
| 610 | 2 | 0 | |a zákony |
| 610 | 2 | 0 | |a Čechy |
| 610 | 2 | 0 | |a poľnohospodárstvo |
| 100 | 1 | |a Zeman, J. | |